000 00653nam a2200301Ia 4500
005 20260401122136.0
008 008 250103s9999 xx 000 0 eng d
020 _a631124993
037 _aTB
040 _aEDL
040 _beng
040 _cEDL
041 _2eng
041 _aeng
084 _a192 WIT
084 _qEDL
100 _aWittgenstein, Ludwig
_91232707
245 0 _aNotebooks 1914-1916
245 0 _cWittgenstein, Ludwig
260 _aMalden
260 _bBlackwell Publishing
260 _c2004
300 _a140p
942 _cTB
942 _h192 WIT
999 _c1845214
_d1845214